000 00269nam a2200097Ia 4500
005 20251222114357.0
008 251222s1900||||xx |||||||||||||| ||spa||
082 _aDVD0092/C27/2006
245 0 _aJuan Pablo I, la sonrisa de Dios:Papa Luciani, Il sorriso di Dio
942 _cDVD
999 _c1473
_d1473